[Event "Amsterdam Chess Tournament 2005"]
[Site "Amsterdam NED"]
[Date "2005.07.21"]
[Round "6.12"]
[White "Stellwagen, Daniel"]
[Black "Siebrecht, Sebastian"]
[Result "1/2-1/2"]
[WhiteElo "2533"]
[BlackElo "2487"]
[PlyCount "45"]
[EventDate "2005.07.16"]
[EventType "tourn"]
[EventRounds "9"]
[EventCountry "NED"]
[Source "lmi"]
[SourceDate "2005.07.25"]

1. e4 c6 2. d4 d5 3. Nc3 dxe4 4. Nxe4 Bf5 5. Ng3 Bg6 6. h4 h6 7. Nh3 Nf6 8. Nf4
Bh7 9. Bc4 e6 10. Qe2 Bd6 11. Ngh5 O-O 12. Be3 Bxf4 13. Nxf4 Qa5+ 14. Kf1 Nbd7
15. Re1 Rfe8 16. Nd3 Nd5 17. Rh3 Nxe3+ 18. Qxe3 Bxd3+ 19. Bxd3 Nf6 20. Rg3 Kf8
21. a3 Rad8 22. c3 Qa4 23. Rf3 1/2-1/2

[Event "Amsterdam Chess Tournament 2005"]
[Site "Amsterdam NED"]
[Date "2005.07.21"]
[Round "6.14"]
[White "Buckley, Simon T"]
[Black "Wells, Peter"]
[Result "1/2-1/2"]
[WhiteElo "2333"]
[BlackElo "2529"]
[PlyCount "56"]
[EventDate "2005.07.16"]
[EventType "tourn"]
[EventRounds "9"]
[EventCountry "NED"]
[Source "lmi"]
[SourceDate "2005.07.25"]

1. c4 Nf6 2. Nc3 e6 3. d4 Bb4 4. Qc2 O-O 5. Nf3 c5 6. dxc5 Na6 7. Bd2 Nxc5 8.
a3 Bxc3 9. Bxc3 Nce4 10. Bb4 d6 11. Rd1 Qc7 12. Nd2 a5 13. Nxe4 Nxe4 14. Bd2 d5
15. e3 b5 16. c5 b4 17. axb4 axb4 18. Bxb4 Rb8 19. Bc3 Qxc5 20. Bd3 Nxc3 21.
bxc3 g6 22. O-O Bd7 23. c4 Rfc8 24. Qa2 Ra8 25. Qb2 dxc4 26. Bxc4 Qxc4 27. Rxd7
Ra2 28. Qd4 Qxd4 1/2-1/2

[Event "Amsterdam Chess Tournament 2005"]
[Site "Amsterdam NED"]
[Date "2005.07.21"]
[Round "6.16"]
[White "Hoffmann, Michael"]
[Black "Vrenegoor, Taco"]
[Result "1/2-1/2"]
[WhiteElo "2475"]
[BlackElo "2349"]
[PlyCount "34"]
[EventDate "2005.07.16"]
[EventType "tourn"]
[EventRounds "9"]
[EventCountry "NED"]
[Source "lmi"]
[SourceDate "2005.07.25"]

1. e4 c5 2. Nf3 d6 3. d4 cxd4 4. Nxd4 Nf6 5. Nc3 a6 6. Be3 e5 7. Nb3 Be6 8. f3
Nbd7 9. g4 Be7 10. Qd2 O-O 11. g5 Nh5 12. O-O-O Qc7 13. Rg1 g6 14. Kb1 b5 15.
Nd5 Bxd5 16. exd5 Nb6 17. Rg4 Rab8 1/2-1/2

[Event "Amsterdam Chess Tournament 2005"]
[Site "Amsterdam NED"]
[Date "2005.07.21"]
[Round "6.17"]
[White "Senff, Martin"]
[Black "D'Costa, Lorin"]
[Result "1/2-1/2"]
[WhiteElo "2467"]
[BlackElo "2352"]
[PlyCount "27"]
[EventDate "2005.07.16"]
[EventType "tourn"]
[EventRounds "9"]
[EventCountry "NED"]
[Source "lmi"]
[SourceDate "2005.07.25"]

1. e4 e6 2. d4 d5 3. Nc3 dxe4 4. Nxe4 Bd7 5. Nf3 Bc6 6. Bd3 Nd7 7. O-O Ngf6 8.
Ned2 b6 9. Re1 Be7 10. c3 O-O 11. Qe2 Bb7 12. Ba6 Qc8 13. Bxb7 Qxb7 14. Nc4
1/2-1/2

[Event "Amsterdam Chess Tournament 2005"]
[Site "Amsterdam NED"]
[Date "2005.07.21"]
[Round "6.18"]
[White "Ernst, Sipke"]
[Black "Van Leent, Dimitri"]
[Result "1-0"]
[WhiteElo "2457"]
[BlackElo "2261"]
[PlyCount "87"]
[EventDate "2005.07.16"]
[EventType "tourn"]
[EventRounds "9"]
[EventCountry "NED"]
[Source "lmi"]
[SourceDate "2005.07.25"]

1. Nf3 Nf6 2. c4 g6 3. Nc3 d5 4. cxd5 Nxd5 5. Qa4+ Bd7 6. Qb3 Nb6 7. d4 Bg7 8.
e4 O-O 9. Be3 Nc6 10. Rd1 Na5 11. Qc2 Nac4 12. Bg5 h6 13. Bh4 Nd6 14. Be2 Rc8
15. h3 c5 16. dxc5 Rxc5 17. Rxd6 g5 18. Rxd7 Qxd7 19. Bg3 Na4 20. e5 Nxc3 21.
bxc3 Rfc8 22. O-O Rxc3 23. Qe4 Qc6 24. Qb4 Qd7 25. h4 g4 26. Bb5 Qe6 27. Nd4
Qb6 28. Nf5 R8c4 29. Qxc4 Rxc4 30. Bxc4 Bf8 31. e6 fxe6 32. Re1 Kh7 33. Bxe6
Kg6 34. Kh2 a5 35. Re5 a4 36. Ne3 Bg7 37. Nd5 Qd4 38. Nf4+ Kh7 39. Bf5+ Kg8 40.
Rd5 Qa1 41. Rd8+ Kf7 42. Be6+ Kf6 43. Rd5 Qb1 44. h5 1-0

[Event "Amsterdam Chess Tournament 2005"]
[Site "Amsterdam NED"]
[Date "2005.07.21"]
[Round "6.19"]
[White "Peng, Zhaoqin"]
[Black "Purnama, Tirta Chandra"]
[Result "1/2-1/2"]
[WhiteElo "2405"]
[BlackElo "2337"]
[PlyCount "173"]
[EventDate "2005.07.16"]
[EventType "tourn"]
[EventRounds "9"]
[EventCountry "NED"]
[Source "lmi"]
[SourceDate "2005.07.25"]

1. d4 d5 2. c4 c6 3. Nc3 Nf6 4. Nf3 a6 5. c5 Nbd7 6. Bf4 g6 7. e3 Bg7 8. h3 O-O
9. Bd3 Re8 10. Bh2 Nf8 11. O-O N6d7 12. Re1 e5 13. Bf1 e4 14. Nd2 Ne6 15. b4 f5
16. Nb3 g5 17. Rc1 Qf6 18. f3 Rf8 19. fxe4 fxe4 20. Bd6 Rf7 21. Be2 Qf2+ 22.
Kh2 Nf6 23. Bg3 Qf5 24. Na5 g4 25. Bxg4 Qg5 26. Bxe6 Bxe6 27. Bf4 Qh4 28. Bg3
Qg5 29. Ne2 Nh5 30. Qd2 Nxg3 31. Nxg3 Bxd4 32. Qxd4 Rg7 33. Qxg7+ Qxg7 34. Ne2
Kh8 35. Nf4 Rg8 36. g4 Qe5 37. Rf1 h5 38. Nb3 hxg4 39. Nd4 Bc8 40. Rg1 g3+ 41.
Rxg3 Rxg3 42. Kxg3 Kh7 43. Rg1 Qg5+ 44. Kf2 Qh4+ 45. Rg3 Qf6 46. a3 Qh4 47. Kg2
Bd7 48. Ng6 Qf6 49. h4 Kh6 50. Kg1 Bc8 51. h5 Kxh5 52. Nf4+ Kh6 53. Rg8 Bd7 54.
Kf1 Kh7 55. Rb8 Qg7 56. Ke1 Qg3+ 57. Kd2 Qf2+ 58. Nfe2 Bg4 59. Rxb7+ Kg8 60.
Rb6 Bxe2 61. Nxe2 d4 62. exd4 Qf3 63. Nc1 Qxa3 64. Kc2 Qa4+ 65. Kb2 Qd1 66.
Rxc6 Qxd4+ 67. Kc2 Qc4+ 68. Kb2 Qxb4+ 69. Nb3 a5 70. Rb6 Qe1 71. Rb8+ Kf7 72.
c6 Qe2+ 73. Ka3 Qc4 74. Rb7+ Ke6 75. Nxa5 Qc5+ 76. Ka4 e3 77. Rb8 Qc2+ 78. Kb4
e2 79. Re8+ Kd6 80. Nc4+ Kxc6 81. Rc8+ Kb7 82. Nd6+ Kb6 83. Rxc2 e1=Q+ 84. Rc3
Qb1+ 85. Rb3 Qe1+ 86. Ka3+ Kc5 87. Nb7+ 1/2-1/2

[Event "Amsterdam Chess Tournament 2005"]
[Site "Amsterdam NED"]
[Date "2005.07.21"]
[Round "6.20"]
[White "Spaan, Tigran"]
[Black "Van Delft, Merijn"]
[Result "0-1"]
[WhiteElo "2284"]
[BlackElo "2369"]
[PlyCount "120"]
[EventDate "2005.07.16"]
[EventType "tourn"]
[EventRounds "9"]
[EventCountry "NED"]
[Source "lmi"]
[SourceDate "2005.07.25"]

1. e4 c5 2. Nf3 e6 3. d4 cxd4 4. Nxd4 a6 5. c4 Nf6 6. Nc3 Qc7 7. Bd3 b6 8. Be3
d6 9. O-O Nbd7 10. Rc1 Be7 11. f3 O-O 12. Qe1 Bb7 13. Kh1 Rfe8 14. Qf2 Rac8 15.
Rfd1 Qb8 16. Bf1 Bd8 17. b3 Bc7 18. Bd3 Ne5 19. Bb1 Ba8 20. Bg5 Bd8 21. Bf4 Ng6
22. Bg3 Nh5 23. f4 Nxg3+ 24. Qxg3 Bf6 25. f5 Nf8 26. fxe6 fxe6 27. Nf3 Rcd8 28.
e5 dxe5 29. Ne4 Bxe4 30. Bxe4 Qc7 31. Rf1 a5 32. Rf2 Nd7 33. Ng5 Bxg5 34. Qxg5
Nc5 35. Re2 Rf8 36. Rce1 Qf7 37. h3 Qf6 38. Qh5 g6 39. Qg4 Qf4 40. Bf3 Qxg4 41.
Bxg4 e4 42. Rc2 Kg7 43. Kg1 Kf6 44. Rb1 Ke5 45. a3 Rd4 46. b4 axb4 47. Rxb4 Rd6
48. a4 Ra8 49. Ra2 Ra6 50. Be2 Rd7 51. Kf2 Rda7 52. Ke3 Rxa4 53. Raxa4 Rxa4 54.
Rxb6 Ra3+ 55. Kf2 Nb3 56. Bg4 Nd4 57. Rb8 e3+ 58. Kg3 e2+ 59. Kf2 Ra1 60. Bxe2
Ra2 0-1

[Event "Amsterdam Chess Tournament 2005"]
[Site "Amsterdam NED"]
[Date "2005.07.21"]
[Round "6.21"]
[White "Bosboom, Manuel"]
[Black "Lyell, Mark"]
[Result "1-0"]
[WhiteElo "2419"]
[BlackElo "2194"]
[PlyCount "63"]
[EventDate "2005.07.16"]
[EventType "tourn"]
[EventRounds "9"]
[EventCountry "NED"]
[Source "lmi"]
[SourceDate "2005.07.25"]

1. d4 d5 2. c4 dxc4 3. Nf3 Nf6 4. e3 Bg4 5. Bxc4 e6 6. Nbd2 Nbd7 7. h3 Bh5 8.
Qe2 Bd6 9. O-O e5 10. g4 Bg6 11. dxe5 Bxe5 12. e4 O-O 13. Nh4 Bd6 14. Nxg6 hxg6
15. f4 Re8 16. e5 Bc5+ 17. Kh1 Nb6 18. Bb3 Nfd5 19. Nf3 Qe7 20. a3 Rad8 21. Bd2
c6 22. Rae1 Nc7 23. f5 gxf5 24. gxf5 Nbd5 25. Qg2 f6 26. exf6 Qxf6 27. Bg5 Qd6
28. Bxd8 Rxd8 29. f6 Qxf6 30. Ne5 Qh4 31. Re4 Qh6 32. Nf7 1-0

[Event "Amsterdam Chess Tournament 2005"]
[Site "Amsterdam NED"]
[Date "2005.07.21"]
[Round "6.23"]
[White "Bellin, Robert"]
[Black "Baquero, Luis A"]
[Result "1-0"]
[WhiteElo "2399"]
[BlackElo "2301"]
[PlyCount "115"]
[EventDate "2005.07.16"]
[EventType "tourn"]
[EventRounds "9"]
[EventCountry "NED"]
[Source "lmi"]
[SourceDate "2005.07.25"]

1. e4 c6 2. d4 d5 3. Nc3 dxe4 4. Nxe4 Nd7 5. Nf3 Ngf6 6. Nxf6+ Nxf6 7. Ne5 Nd7
8. Nf3 e6 9. Bd3 h6 10. Qe2 Bd6 11. O-O Qc7 12. b3 b6 13. Bb2 Bb7 14. Ne5 Nxe5
15. dxe5 Bc5 16. Qg4 g5 17. a4 a5 18. Bd4 Qe7 19. Bxc5 Qxc5 20. Rae1 O-O-O 21.
Qh5 Rd7 22. Re3 Qd4 23. Qf3 Qc5 24. Be4 Qxe5 25. Bxc6 Bxc6 26. Qxc6+ Qc7 27.
Qa8+ Qb8 28. Rc3+ Rc7 29. Rxc7+ Kxc7 30. Qf3 f5 31. Re1 Qc8 32. Qc3+ Kb7 33.
Qg7+ Ka6 34. g3 g4 35. Qf6 Re8 36. c4 h5 37. Re5 Qd7 38. Re1 Qd2 39. Qe5 Qd7
40. c5 bxc5 41. Qxc5 Rc8 42. Qe5 Kb6 43. Qxe6+ Qxe6 44. Rxe6+ Rc6 45. Re8 Rc3
46. Rb8+ Ka6 47. Rb5 f4 48. gxf4 h4 49. f3 Rc1+ 50. Kg2 h3+ 51. Kg3 Rg1+ 52.
Kh4 Rg2 53. Re5 Rxh2 54. Kxg4 Rf2 55. Kxh3 Rxf3+ 56. Kg4 Rxb3 57. f5 Rb4+ 58.
Kg5 1-0

[Event "Amsterdam Chess Tournament 2005"]
[Site "Amsterdam NED"]
[Date "2005.07.21"]
[Round "6.24"]
[White "Dambacher, Martyn"]
[Black "Van der Elburg, Freddie"]
[Result "1-0"]
[WhiteElo "2388"]
[BlackElo "2290"]
[PlyCount "81"]
[EventDate "2005.07.16"]
[EventType "tourn"]
[EventRounds "9"]
[EventCountry "NED"]
[Source "lmi"]
[SourceDate "2005.07.25"]

1. d4 f5 2. c4 Nf6 3. Nc3 d6 4. g3 g6 5. Bg2 Bg7 6. Nf3 O-O 7. O-O Qe8 8. d5 a5
9. Ne1 Na6 10. Nd3 e5 11. dxe6 c6 12. Na4 Bxe6 13. Nb6 Rd8 14. Bd2 d5 15. cxd5
Nxd5 16. Bxa5 Ndb4 17. Qd2 Nxd3 18. exd3 Qf7 19. Rfe1 f4 20. Qxf4 Qxf4 21. gxf4
Bf5 22. Nc4 Rxd3 23. Re7 Rd4 24. Rxg7+ Kxg7 25. Bc3 c5 26. Rd1 Kf7 27. Bxd4 Rd8
28. Bxb7 Nb4 29. Ne3 cxd4 30. Nxf5 gxf5 31. a3 Nc2 32. Rd2 Na1 33. Ba6 Ke7 34.
Bc4 Rb8 35. b3 Rb7 36. Rxd4 Nxb3 37. Rd5 Kf6 38. Bd3 Ra7 39. Rxf5+ Kg7 40. Rg5+
Kh6 41. Rg3 1-0

[Event "Amsterdam Chess Tournament 2005"]
[Site "Amsterdam NED"]
[Date "2005.07.21"]
[Round "6.25"]
[White "Slingerland, Fred"]
[Black "Gullaksen, Eirik T"]
[Result "1-0"]
[WhiteElo "2259"]
[BlackElo "2382"]
[PlyCount "71"]
[EventDate "2005.07.16"]
[EventType "tourn"]
[EventRounds "9"]
[EventCountry "NED"]
[Source "lmi"]
[SourceDate "2005.07.25"]

1. e4 c5 2. Nf3 Nc6 3. d4 cxd4 4. Nxd4 Nf6 5. Nc3 e5 6. Ndb5 d6 7. Bg5 a6 8.
Na3 b5 9. Bxf6 gxf6 10. Nd5 Bg7 11. c4 f5 12. cxb5 Nd4 13. Bd3 O-O 14. Nc2
Nxc2+ 15. Qxc2 fxe4 16. Bxe4 Be6 17. Nc7 Rc8 18. b6 d5 19. Bxh7+ Kh8 20. Bd3
Qd6 21. Bxa6 Rb8 22. b7 e4 23. Rc1 Rg8 24. Qc5 Qf4 25. Nxe6 fxe6 26. Qe3 Qf6
27. Rc8 Bh6 28. Qg3 Qg5 29. Qxg5 Bxg5 30. h4 Bf4 31. Rh3 d4 32. Rb3 Kh7 33. g3
Be5 34. Rb5 Bf6 35. Rbc5 Kg6 36. Rxg8+ 1-0

[Event "Amsterdam Chess Tournament 2005"]
[Site "Amsterdam NED"]
[Date "2005.07.21"]
[Round "6.26"]
[White "Pliester, Leon"]
[Black "Ruijgrok, Dennis"]
[Result "1-0"]
[WhiteElo "2378"]
[BlackElo "2249"]
[PlyCount "71"]
[EventDate "2005.07.16"]
[EventType "tourn"]
[EventRounds "9"]
[EventCountry "NED"]
[Source "lmi"]
[SourceDate "2005.07.25"]

1. e4 c5 2. Nf3 Nc6 3. d4 cxd4 4. Nxd4 Nf6 5. Nc3 e5 6. Ndb5 d6 7. Bg5 a6 8.
Na3 b5 9. Bxf6 gxf6 10. Nd5 f5 11. Bd3 Be6 12. O-O Bg7 13. c4 bxc4 14. Nxc4 O-O
15. Rc1 fxe4 16. Bxe4 Nd4 17. Nce3 f5 18. Bb1 Kh8 19. Nc7 Qd7 20. Nxa8 Rxa8 21.
Qh5 e4 22. Rfe1 d5 23. a3 Nb3 24. Rcd1 Bxb2 25. Nxd5 Bxd5 26. Bxe4 fxe4 27.
Rxd5 Qe7 28. Rb1 Qg7 29. Qh3 Nd4 30. Rd7 Nf3+ 31. Kf1 Nxh2+ 32. Ke2 Qg8 33.
Rxb2 Qc4+ 34. Kd2 Nf1+ 35. Kd1 Qa4+ 36. Ke1 1-0

[Event "Amsterdam Chess Tournament 2005"]
[Site "Amsterdam NED"]
[Date "2005.07.21"]
[Round "6.27"]
[White "Burg, Twan"]
[Black "Van de Oudeweetering, Arthur"]
[Result "0-1"]
[WhiteElo "2218"]
[BlackElo "2368"]
[PlyCount "110"]
[EventDate "2005.07.16"]
[EventType "tourn"]
[EventRounds "9"]
[EventCountry "NED"]
[Source "lmi"]
[SourceDate "2005.07.25"]

1. e4 e5 2. Nf3 Nc6 3. d4 exd4 4. Nxd4 Qf6 5. Be3 Bc5 6. c3 Qg6 7. Qe2 Nxd4 8.
cxd4 Bb4+ 9. Bd2 Bxd2+ 10. Nxd2 Ne7 11. h4 h5 12. Rc1 O-O 13. Qf3 d5 14. Bd3
Bg4 15. Qg3 dxe4 16. Bxe4 Qa6 17. f3 Be6 18. Qg5 f6 19. Qxh5 f5 20. Bb1 Rae8
21. Qg5 Bxa2 22. Kf2 Bxb1 23. Nxb1 Nd5 24. Rhe1 Qb6 25. Qd2 Qf6 26. Rh1 f4 27.
Nc3 Ne3 28. Ne4 Qg6 29. Ng5 Qb6 30. Rc5 Nf5 31. Qc2 Qf6 32. Rd1 c6 33. Kg1 Re7
34. d5 cxd5 35. Rcxd5 g6 36. Qc4 Kg7 37. Qxf4 Qb6+ 38. Kh2 Ne3 39. Qd4+ Qxd4
40. R5xd4 Nxd1 41. Rxd1 Rc8 42. Rd2 a5 43. g4 a4 44. Kg3 Rc6 45. h5 gxh5 46.
gxh5 b5 47. Ne4 b4 48. Nd6 Ra7 49. Nf5+ Kh7 50. Ne3 a3 51. bxa3 bxa3 52. Ra2
Rb6 53. Nd1 Rb1 54. Nc3 Rb2 55. Ra1 a2 0-1

[Event "Amsterdam Chess Tournament 2005"]
[Site "Amsterdam NED"]
[Date "2005.07.21"]
[Round "6.29"]
[White "De Boer, Sybolt"]
[Black "Bachofner, Andreas"]
[Result "1-0"]
[WhiteElo "2320"]
[BlackElo "2177"]
[PlyCount "117"]
[EventDate "2005.07.16"]
[EventType "tourn"]
[EventRounds "9"]
[EventCountry "NED"]
[Source "lmi"]
[SourceDate "2005.07.25"]

1. d4 e6 2. c4 f5 3. g3 Nf6 4. Bg2 d5 5. Nh3 c6 6. O-O Bd6 7. Bf4 Be7 8. Nd2
O-O 9. Qc2 Bd7 10. Rad1 h6 11. Bxb8 Rxb8 12. Nf4 Qe8 13. Nf3 Bd6 14. Ne5 Bxe5
15. dxe5 Nh5 16. Nd3 b6 17. c5 g5 18. f4 Qe7 19. Bf3 g4 20. Bg2 Ng7 21. Qa4 Rb7
22. Rc1 Rfb8 23. Rc3 Qd8 24. Rfc1 Ne8 25. Ra3 Nc7 26. Qd1 h5 27. h4 Kf7 28. e3
Be8 29. Ra4 b5 30. Ra3 Ra8 31. Qd2 Qb8 32. Ra5 b4 33. b3 Ke7 34. Bf1 Bd7 35.
Ne1 Be8 36. Nc2 Bd7 37. Nd4 Qc8 38. Ra1 Kf7 39. Ra4 Qb8 40. Ba6 Nxa6 41. Rxa6
Qc7 42. Kf2 Ke7 43. Ke1 Qc8 44. a3 bxa3 45. R1xa3 Rc7 46. Qc3 Qb7 47. b4 Rb8
48. b5 Kf7 49. b6 axb6 50. cxb6 Rcc8 51. Qc5 Ke8 52. Kd2 Rd8 53. Kc3 Rdc8 54.
Kb4 Rd8 55. Nb3 Rdc8 56. Qd6 c5+ 57. Nxc5 Rxc5 58. Kxc5 Rc8+ 59. Kd4 1-0

[Event "Amsterdam Chess Tournament 2005"]
[Site "Amsterdam NED"]
[Date "2005.07.21"]
[Round "6.30"]
[White "Van Oosterom, Chiel"]
[Black "Afek, Yochanan"]
[Result "1-0"]
[WhiteElo "2197"]
[BlackElo "2389"]
[PlyCount "55"]
[EventDate "2005.07.16"]
[EventType "tourn"]
[EventRounds "9"]
[EventCountry "NED"]
[Source "lmi"]
[SourceDate "2005.07.25"]

1. e4 c5 2. Nf3 d6 3. d4 cxd4 4. Nxd4 Nf6 5. Nc3 g6 6. Be3 Bg7 7. f3 O-O 8. Qd2
d5 9. e5 Nfd7 10. f4 Nc6 11. O-O-O Nb6 12. Be2 e6 13. g4 f6 14. exf6 Qxf6 15.
g5 Qf7 16. Rdf1 Bd7 17. h4 Na5 18. b3 Qe7 19. h5 Rac8 20. hxg6 hxg6 21. Bd3
Qa3+ 22. Kd1 Qb2 23. Qh2 Rf7 24. Nce2 e5 25. Qh7+ Kf8 26. fxe5 Bf5 27. Bxf5
gxf5 28. Rxf5 1-0

[Event "Amsterdam Chess Tournament 2005"]
[Site "Amsterdam NED"]
[Date "2005.07.21"]
[Round "6.31"]
[White "Al Sayed, Mohamad N"]
[Black "Schoorl, Rob"]
[Result "0-1"]
[WhiteElo "2478"]
[BlackElo "2239"]
[PlyCount "104"]
[EventDate "2005.07.16"]
[EventType "tourn"]
[EventRounds "9"]
[EventCountry "NED"]
[Source "lmi"]
[SourceDate "2005.07.25"]

1. e4 e5 2. Nf3 Nc6 3. Bc4 Nf6 4. d3 Be7 5. O-O O-O 6. Bb3 d6 7. c3 Na5 8. Bc2
c5 9. a3 Nc6 10. b4 a6 11. Re1 Re8 12. Bb2 Bf8 13. Nbd2 h6 14. Nf1 d5 15. exd5
Qxd5 16. bxc5 Qxc5 17. d4 Qa5 18. Ne3 exd4 19. cxd4 Be6 20. Qd3 Qb5 21. Qxb5
axb5 22. Bd3 b4 23. a4 Na5 24. Bb5 Red8 25. Ne5 Rac8 26. Be2 Nd5 27. Rac1 Nc3
28. Bxc3 bxc3 29. Nc2 Bf5 30. Bg4 Bxg4 31. Nxg4 Rc4 32. Nge3 Rxa4 33. Rb1 Rc8
34. Kf1 Nc6 35. Red1 Nb4 36. Ke2 Ra2 37. Rdc1 Rb2 38. Ra1 b5 39. Kf3 Nxc2 40.
Rxc2 Rxc2 41. Nxc2 b4 42. Rb1 Ra8 43. Rb3 Ra2 44. Nxb4 Rb2 45. Rxc3 Bxb4 46.
Rc8+ Kh7 47. Ke3 Kg6 48. Rc6+ Kf5 49. g4+ Kxg4 50. Rc7 Bd2+ 51. Kd3 Bf4 52.
Rxf7 g5 0-1

[Event "Amsterdam Chess Tournament 2005"]
[Site "Amsterdam NED"]
[Date "2005.07.21"]
[Round "6.32"]
[White "Koster, Ramon"]
[Black "Van der Poel, Henk"]
[Result "1/2-1/2"]
[WhiteElo "2335"]
[BlackElo "2280"]
[PlyCount "56"]
[EventDate "2005.07.16"]
[EventType "tourn"]
[EventRounds "9"]
[EventCountry "NED"]
[Source "lmi"]
[SourceDate "2005.07.25"]

1. d4 Nf6 2. c4 g6 3. Nc3 Bg7 4. e4 d6 5. f4 O-O 6. Nf3 c5 7. d5 e6 8. Be2 exd5
9. cxd5 Nbd7 10. O-O Re8 11. Nd2 a6 12. a4 Rb8 13. Kh1 Nb6 14. Bf3 Bd7 15. a5
Nc8 16. e5 dxe5 17. fxe5 Rxe5 18. Nc4 Rf5 19. Be3 Bb5 20. Nxb5 axb5 21. Na3
Nxd5 22. Bxc5 b6 23. axb6 Ncxb6 24. Nxb5 Nc4 25. Nd6 Nde3 26. Bxe3 Nxe3 27. Qe2
Qxd6 28. Qxe3 Bxb2 1/2-1/2

[Event "Amsterdam Chess Tournament 2005"]
[Site "Amsterdam NED"]
[Date "2005.07.21"]
[Round "6.33"]
[White "Breivik, Lars"]
[Black "Timman, Anton P"]
[Result "1-0"]
[WhiteElo "2217"]
[BlackElo "2335"]
[PlyCount "53"]
[EventDate "2005.07.16"]
[EventType "tourn"]
[EventRounds "9"]
[EventCountry "NED"]
[Source "lmi"]
[SourceDate "2005.07.25"]

1. d4 Nf6 2. Nf3 e6 3. e3 b6 4. Bd3 Bb7 5. O-O d5 6. b3 Be7 7. Bb2 O-O 8. Ne5
c5 9. Nd2 Nc6 10. f4 cxd4 11. exd4 Nb4 12. Be2 Rc8 13. c3 Nc6 14. Bd3 Ne4 15.
Nxe4 Nxe5 16. Nf6+ Bxf6 17. fxe5 Be7 18. Qg4 Qd7 19. Rae1 Rce8 20. Re3 f5 21.
exf6 Rxf6 22. Rh3 g6 23. Rxf6 Bxf6 24. Bxg6 hxg6 25. Qxg6+ Bg7 26. Qh7+ Kf8 27.
Ba3+ 1-0

[Event "Amsterdam Chess Tournament 2005"]
[Site "Amsterdam NED"]
[Date "2005.07.21"]
[Round "6.34"]
[White "Beckhuis, Gernod"]
[Black "Van Eekhout, David"]
[Result "1-0"]
[WhiteElo "2324"]
[BlackElo "2240"]
[PlyCount "97"]
[EventDate "2005.07.16"]
[EventType "tourn"]
[EventRounds "9"]
[EventCountry "NED"]
[Source "lmi"]
[SourceDate "2005.07.25"]

1. d4 d5 2. c4 c6 3. Nf3 e6 4. Qc2 dxc4 5. Qxc4 b5 6. Qc2 Bb7 7. Nbd2 Nd7 8.
Nb3 Qb6 9. Be3 Ngf6 10. Nc5 Nd5 11. Nxd7 Nxe3 12. fxe3 Kxd7 13. g3 c5 14. Bg2
f6 15. O-O Bd6 16. a4 a6 17. Bh3 f5 18. Ng5 g6 19. Rad1 Qc6 20. d5 exd5 21. Bg2
Kc7 22. Bxd5 Qe8 23. Bxb7 Qxe3+ 24. Kg2 Qxg5 25. Bxa8 Rxa8 26. Qd3 Qe7 27. axb5
axb5 28. Qxb5 Qe4+ 29. Rf3 Ra2 30. Qd3 Qxd3 31. Rfxd3 Be5 32. Rd5 Bd4 33. Rd2
Kc6 34. Rd8 Be5 35. b3 Rxd2 36. Rxd2 Kb5 37. Rd7 h5 38. Re7 Bc3 39. Kf3 Kb4 40.
Rb7+ Ka3 41. Kf4 Bb4 42. Kg5 Kxb3 43. Kxg6 h4 44. gxh4 f4 45. h5 c4 46. h6 c3
47. h7 c2 48. Rc7 Bd6 49. Rxc2 1-0

[Event "Amsterdam Chess Tournament 2005"]
[Site "Amsterdam NED"]
[Date "2005.07.21"]
[Round "6.35"]
[White "Markus, John Raymond"]
[Black "Halay, Taufik"]
[Result "0-1"]
[WhiteElo "2227"]
[BlackElo "2320"]
[PlyCount "82"]
[EventDate "2005.07.16"]
[EventType "tourn"]
[EventRounds "9"]
[EventCountry "NED"]
[Source "lmi"]
[SourceDate "2005.07.25"]

1. e4 c5 2. d4 cxd4 3. f4 Nc6 4. Bd3 d6 5. a3 g6 6. Nf3 Bg7 7. O-O Nf6 8. h3
O-O 9. Nbd2 a6 10. g4 Nd7 11. Rf2 Nc5 12. Rg2 e5 13. f5 d5 14. fxg6 fxg6 15.
exd5 Nxd3 16. cxd3 Qxd5 17. Ne4 Na5 18. b4 Nb3 19. Rb1 Nxc1 20. Rxc1 b6 21. Rc7
Bd7 22. Nfd2 Bb5 23. Nc4 Qd8 24. Rxg7+ Kxg7 25. Nxe5 Qd5 26. Nf3 Rae8 27. g5
Re7 28. Nf6 Qe6 29. Ng4 Bc6 30. Rf2 Bxf3 31. Rxf3 Qe1+ 32. Qxe1 Rxe1+ 33. Kf2
Rf1+ 34. Kxf1 Rxf3+ 35. Nf2 Rf5 36. h4 Rf4 37. Kg2 Rxh4 38. Kg3 Rh5 39. Kg4 h6
40. gxh6+ Kxh6 41. Ne4 Rh1 0-1

[Event "Amsterdam Chess Tournament 2005"]
[Site "Amsterdam NED"]
[Date "2005.07.21"]
[Round "6.36"]
[White "Van Beek, Alexander"]
[Black "Van der Plas, Rob"]
[Result "1-0"]
[WhiteElo "2312"]
[BlackElo "2209"]
[PlyCount "85"]
[EventDate "2005.07.16"]
[EventType "tourn"]
[EventRounds "9"]
[EventCountry "NED"]
[Source "lmi"]
[SourceDate "2005.07.25"]

1. d4 e6 2. c4 Nf6 3. Nc3 c5 4. d5 exd5 5. cxd5 d6 6. e4 g6 7. h3 Bg7 8. Nf3
O-O 9. Bg5 h6 10. Be3 Re8 11. Bd3 c4 12. Bc2 b5 13. a3 a5 14. Nd4 Ba6 15. Ndxb5
Bxb5 16. Nxb5 Nxe4 17. O-O Na6 18. Bd4 Qd7 19. Bxg7 Kxg7 20. Nd4 Nac5 21. Nc6
Kh7 22. Re1 a4 23. Qd4 f5 24. f3 Ng5 25. Qf6 Qg7 26. Qxd6 Nd3 27. Bxd3 cxd3 28.
Qb4 Qc7 29. Re7+ Rxe7 30. Qxe7+ Qxe7 31. Nxe7 Rd8 32. Rd1 Rd7 33. Nc6 Rxd5 34.
Nb4 Rd7 35. Rxd3 Rc7 36. Kf2 Nf7 37. f4 Kg7 38. Rd2 g5 39. g3 gxf4 40. gxf4 Rc4
41. Kf3 h5 42. Nd5 Nh8 43. Ne3 1-0

[Event "Amsterdam Chess Tournament 2005"]
[Site "Amsterdam NED"]
[Date "2005.07.21"]
[Round "6.38"]
[White "Giddins, Stephen"]
[Black "Van den Berg, Ad M.J"]
[Result "1/2-1/2"]
[WhiteElo "2204"]
[BlackElo "2298"]
[PlyCount "38"]
[EventDate "2005.07.16"]
[EventType "tourn"]
[EventRounds "9"]
[EventCountry "NED"]
[Source "lmi"]
[SourceDate "2005.07.25"]

1. Nf3 g6 2. e4 c5 3. d4 cxd4 4. Nxd4 Nc6 5. c4 Bg7 6. Be3 Nf6 7. Nc3 O-O 8.
Be2 b6 9. O-O Bb7 10. f3 Qb8 11. Qd2 Rd8 12. Rfd1 d6 13. Rac1 Rd7 14. Kh1 Qf8
15. Bf1 Nxd4 16. Bxd4 Bh6 17. Be3 Bxe3 18. Qxe3 Qg7 19. e5 dxe5 1/2-1/2

[Event "Amsterdam Chess Tournament 2005"]
[Site "Amsterdam NED"]
[Date "2005.07.21"]
[Round "6.39"]
[White "Witt, Rob"]
[Black "Wempe, Joost"]
[Result "1-0"]
[WhiteElo "2292"]
[BlackElo "2228"]
[PlyCount "95"]
[EventDate "2005.07.16"]
[EventType "tourn"]
[EventRounds "9"]
[EventCountry "NED"]
[Source "lmi"]
[SourceDate "2005.07.25"]

1. Nf3 d5 2. d4 e6 3. c4 c6 4. Qc2 Nf6 5. Bg5 h6 6. Bh4 dxc4 7. Qxc4 b5 8. Qc2
Bb7 9. e3 Nbd7 10. Bd3 a6 11. a4 Rc8 12. Qe2 Be7 13. O-O O-O 14. Nc3 b4 15. Nb1
a5 16. Rd1 c5 17. dxc5 Nxc5 18. Bc4 Qb6 19. Nbd2 Bc6 20. b3 Qa7 21. Nd4 Ba8 22.
Nb5 Qb7 23. f3 Nd5 24. Bxd5 exd5 25. Bxe7 Qxe7 26. Nd4 Bb7 27. Nf1 Ba6 28. Qd2
Rfe8 29. Rac1 Nd3 30. Rxc8 Rxc8 31. Nb5 Bxb5 32. axb5 Rc3 33. Qe2 Nc1 34. Qd2
Nd3 35. Qe2 Nc1 36. Qd2 Nxb3 37. Qxd5 a4 38. Qa8+ Kh7 39. Qxa4 Nc1 40. b6 Nd3
41. Qb5 Qc5 42. Qd7 Nb2 43. Rb1 Nc4 44. b7 Nxe3 45. Kh1 Qe5 46. Qd8 Nxf1 47.
b8=Q Qe2 48. Qg8+ 1-0